[Event "Dortmund SuperGM 31st"]
[Site "Dortmund"]
[Date "2003.08.07"]
[Round "7"]
[White "Anand, Viswanathan"]
[Black "Bologan, Viktor"]
[Result "1-0"]
[WhiteElo "2774"]
[BlackElo "2650"]
[Annotator "Lukacs,P"]
[PlyCount "71"]
[EventDate "2003.07.31"]
[EventType "tourn"]
[EventRounds "10"]
[EventCountry "GER"]
[EventCategory "18"]
[SourceTitle "CBM 097"]
[Source "ChessBase"]
[SourceDate "2003.11.11"]
[SourceVersion "1"]
[SourceVersionDate "2003.11.11"]
[SourceQuality "1"]

{[%mdl 1]} 1. e4 c6 2. d4 d5 3. Nc3 dxe4 4. Nxe4 Nd7 5. Ng5 Ngf6 6. Bd3 e6 7.
N1f3 Bd6 8. Qe2 h6 9. Ne4 Nxe4 10. Qxe4 Qc7 11. O-O b6 12. Qg4 g5 13. Qh3 Rg8
14. Re1 $1 {[%mdl 8] [#] This phantastic idea is connected with a series of
sacrifices against the K in the middle.} (14. Nd2 {- Moreno Carnero-Galkin,
EU-ch 2nd Ohrid 2001}) ({The P on h6 is taboo:} 14. Qxh6 $4 Bf8 15. Qh7 Nf6 16.
Qh3 g4 $19) (14. Bh7 $6 {leads nowhere after} {However Black can try to fight
for more, for example:} g4 $5 (14... Rh8 {and the B has to go back.} 15. Bd3 (
15. Qxh6 $2 Bf8 16. Qh3 g4 $19) 15... Rg8 $11) 15. Qxh6 Bf8 $5 (15... Rh8 $2
16. Ng5 $18) 16. Qh4 (16. Bf4 $5 Qd8 $1 (16... Bxh6 17. Bxc7 Rg7 18. Be4 gxf3
19. Bxc6 $16)) 16... Rh8 17. Re1 (17. Ng5 Nf6 $17) 17... Be7 $1 (17... gxf3 $2
18. Rxe6+ $1 $18) (17... Rxh7 18. Qxh7 gxf3 19. Rxe6+ $1 fxe6 20. Qg6+ Kd8 21.
Bg5+ Nf6 22. Bxf6+ Be7 23. Qg8+ Kd7 24. Qf7 Qd6 25. c4 $1 fxg2 26. c5 $1 $18 {
P.Blatny}) 18. Rxe6 (18. Ng5 Nf8 $17) 18... Nf8 $17 (18... fxe6 $4 19. Bg6+))
14... Bf8 (14... g4 15. Qxh6 $1 gxf3 16. Rxe6+ $1 {[#] is the first one!} fxe6
(16... Be7 17. Rxe7+ $1 Kxe7 18. Bf4 Rxg2+ 19. Kh1 $18) 17. Qxe6+ Be7 (17...
Kf8 18. Bh6+ Rg7 19. Bg6 Nf6 20. Qxf6+ Kg8 21. Bxg7 Qxg7 22. Qxd6 Bf5 $1 23.
Qxc6 Rd8 24. Qxf3 Qxg6 25. c3 $16) 18. Qxg8+ Nf8 19. Bg6+ Kd7 (19... Kd8 20.
Bg5 $1) 20. Bf5+ Ke8 {[#]} 21. Bh6 $3 {This brilliant idea is the point!} Qd6 (
21... Bxf5 22. Re1 Kd7 23. Rxe7+ $1 Kxe7 24. Qg7+ $18 {winnimng back
everything.}) 22. Bxf8 Bxf8 23. Re1+ Kd8 24. Qf7 Be7 25. Bxc8 Rxc8 26. Qxf3 $16
{Anand}) (14... Bb7 $2 {is met by the similar sacrifice:} 15. Rxe6+ $1 fxe6 16.
Qxe6+ Kf8 17. Qxh6+ Rg7 18. Bc4 $18 {Kovalev-Ushenina, Alushta 2003}) 15. Qf5 (
15. Rxe6+ $1 {was probably even stronger!} Kd8 (15... fxe6 16. Qxe6+ Kd8 17.
Qxg8 $18) 16. Rxh6 $5 (16. Re1 $2 Ne5 $1 17. Bf5 g4 18. Qh5 Nxf3+ 19. gxf3 Bxf5
(19... gxf3+ 20. Kh1 $16) 20. Qxf5 Qd7 $1 $13) (16. Re3 Ne5 17. Qg3 Nxd3 18.
Rxd3 Qxg3 19. hxg3 Bf5 20. Rc3 Be4 $44) (16. Bh7 {!} Nc5 $1 (16... Rh8 17. Rxh6
Nf6 18. Bxg5 Bxh3 19. Bxf6+ Kd7 (19... Be7 20. Bxh8) 20. Rxh3 $18) (16... Rg7
17. Rxh6 $1 (17. Qxh6 fxe6 18. Bxg5+ Rxg5 19. Qxg5+ Be7 20. Qg8+ Nf8 21. Be4
$14) 17... Nf6 18. Bf5 g4 19. Qh4 gxf3 20. Rxf6 Rxg2+ 21. Kh1 Bxf5 22. Rxf5+
$18) (16... Nb8 17. Bxg8 Bxe6 18. Qh5 $142 (18. Qg3 Qxg3 19. hxg3 Nd7 20. Bh7
Nf6 21. Bd3 Kc7 $14) 18... Nd7 19. Bxf7 Nf6 20. Bxg5 hxg5 21. Qh8 Qxf7 22. Nxg5
Qg8 23. Nxe6+ $16) (16... Nf6 17. Rxf6 $1 Bxh3 18. Bxg8 Be6 19. Bxf7 $1 Bg7 (
19... Bxf7 20. Ne5 $18) 20. Rxe6 Qxf7 21. Rxc6 $16) 17. Bxg8 Bxe6 18. Qg3 Qxg3
19. hxg3 Ne4 $1 20. Bh7 Nf6 $14 {Anand}) 16... Ne5 (16... Nf6 $5 17. Bf5 g4 18.
Qh4 Bxh6 $1 (18... gxf3 19. Rxf6) 19. Qxf6+ Qe7 20. Qxc6 gxf3 21. Qd5+ Ke8 22.
Bxh6 Rxg2+ 23. Kh1 Bb7 24. Qb5+ Kd8 25. Bf4 Rxf2 26. Bg5 $18) 17. Qg3 Nxf3+ 18.
Qxf3 Bxh6 19. Qf6+ Qe7 20. Qxc6 $16) 15... Bg7 (15... Rg6 16. Bd2 (16. h4 Be7)
16... Bb7 17. c4 Rf6 18. Qh7 O-O-O 19. Ne5 $16) 16. h4 $1 Kf8 (16... Nf6 17.
hxg5 hxg5 18. Bxg5 $16) 17. Qh3 (17. Rxe6 {is now not so effective in view of}
Nc5 $1 {Anand} (17... Nb8 18. Bc4 $16) (17... Nf6 18. Qe5 $1 $16) 18. dxc5 Bxe6
19. Qe4 Bd5 20. Qg4 Re8 21. hxg5 Bxf3 22. Qxf3 hxg5 23. Be3 Rh8 $15) 17... Rh8
$1 18. hxg5 (18. Bd2 Bf6 (18... Nf6 19. Ne5)) 18... hxg5 19. Qg4 c5 20. Bxg5 $1
(20. Qxg5 Bb7 21. Bf4 Qd8 22. Qg3 (22. Bd6+ Kg8 23. Be7 Qe8) 22... cxd4 23.
Bd6+ Kg8 24. Be4 Bxe4 25. Rxe4 $14) 20... cxd4 21. Rad1 $3 (21. Rxe6 {is again
premature:} Nc5 (21... Ne5 22. Nxe5 Bxe6 23. Qf3 Bxe5 24. Qxa8+ Kg7 25. Qf3
Bh2+ 26. Kf1 Qe5 $13) 22. Re7 $1 (22. Be7+ Kg8 $1 $17 (22... Qxe7 $2 23. Qxg7+)
) 22... Bxg4 23. Rxc7 Nxd3 24. Be7+ $14) (21. Be7+ Kg8 $13 22. Be4 Rb8 $13)
21... Bb7 $2 {[#]} (21... Nc5 22. Bf4 e5 (22... Qe7 23. Qg3) 23. Qxg7+ Kxg7 24.
Bxe5+ $16) (21... a5 $142 {which is very difficult to find in a practical game.
} 22. Bb5 $1 (22. Rxe6 Ne5 $1 (22... Nc5 23. Re7 Bxg4 24. Rxc7 Bxf3 25. Be7+
Kg8 26. gxf3 Nxd3 27. Rxd3 $14) 23. Nxe5 (23. Be7+ Qxe7 $1) 23... Bxe6 24. Qf3
Bxe5 25. Qxa8+ Kg7 26. Qe4 Bh2+ 27. Kf1 $14) (22. Nxd4 Qh2+ 23. Kf1 Ne5 24. Qe4
Ra7 $13) 22... Nc5 (22... e5 23. Be7+ Kg8 24. Qg3 $16) (22... Ne5 23. Nxe5 Bxe5
24. Qe4 Bh2+ 25. Kf1 $16) 23. Bf4 $16) 22. Rxe6 $3 $18 {This time this
sacrifice destroys Black's defensive walls.} fxe6 (22... Bxf3 23. Qxf3 Rc8 (
23... Qh2+ 24. Kf1 $18) 24. Re7 Qh2+ 25. Kf1 f6 (25... Ne5 26. Qf5 $18) 26. Bf4
(26. Rxd7 Re8 27. Be4 Qe5 28. R1xd4 Rh1+ 29. Ke2 Qxg5 30. Rd8 $18) 26... Qh1+
27. Ke2 Qxd1+ 28. Kxd1 Kxe7 29. Bf5 $18) 23. Be7+ $1 Kxe7 24. Qxg7+ Kd6 25.
Nxd4 $1 {and the K in the middle is doomed.} Qc5 (25... Qd8 26. Nxe6 $1 (26.
Nb5+ Kc6 27. Be2 $18) 26... Qh4 (26... Kxe6 27. Bc4+ Kf5 28. Rxd7 $18) 27. Be4+
Bd5 28. Rxd5+ Kxe6 29. Qxd7+ $18) 26. Bf5 (26. Nb5+ $142 $1 Kc6 27. Be2 $3 Rad8
28. c4 $18 {was even more beautiful.}) (26. Bb5 $4 Rh1+ $19) 26... Qe5 (26...
Bd5 27. Nxe6 Rag8 28. Qxd7+ Kxd7 29. Nxc5+ Kd6 30. Be4 $16) 27. Nf3+ Qd5 28.
Qg3+ Ke7 29. Rxd5 Bxd5 30. Qg5+ Kd6 31. Qf4+ Ke7 32. Be4 {and materially White
is winning.} Rh5 (32... Bxe4 33. Qxe4 Rad8 34. Nd4 Nc5 35. Qe5 $18) 33. Nh4 Rg8
(33... Bxe4 34. Qxe4 Rg8 35. Ng6+ Kf7 36. Nf4 Re5 37. Qb7 $18) 34. Ng6+ Kd8 35.
Qf7 Re8 36. Bd3 {This game belongs to all the books on combination.} 1-0

[Event "Dortmund SuperGM 31st"]
[Site "Dortmund"]
[Date "2003.07.31"]
[Round "1"]
[White "Naiditsch, Arkadij"]
[Black "Bologan, Viktor"]
[Result "0-1"]
[WhiteElo "2574"]
[BlackElo "2650"]
[Annotator "Lukacs,P"]
[PlyCount "126"]
[EventDate "2003.07.31"]
[EventType "tourn"]
[EventRounds "10"]
[EventCountry "GER"]
[EventCategory "18"]
[SourceTitle "CBM 097"]
[Source "ChessBase"]
[SourceDate "2003.11.11"]
[SourceVersion "1"]
[SourceVersionDate "2003.11.11"]
[SourceQuality "1"]

1. e4 {Ftacnik} c6 2. d4 d5 3. Nc3 dxe4 4. Nxe4 Nd7 5. Ng5 Ngf6 6. Bd3 e6 7.
N1f3 Bd6 8. Qe2 h6 9. Ne4 Nxe4 10. Bxe4 (10. Qxe4 {- Perelsteyn-Yudasin, New
York 2003 CBM 95}) 10... O-O (10... Qc7 11. Bd2 {White's main idea is a quick
0-0-0 and if Black castles >> a P storm will come.} Nf6 (11... b6 {/\ Bb7,
0-0-0 securing the K's position.} 12. O-O-O Bb7 13. Rhe1 O-O-O 14. Bd3 c5 (
14... Kb8) 15. Ba6 Bxa6 16. Qxa6+ Qb7 17. Qxb7+ Kxb7 18. dxc5 Bxc5 $11 {
and the _|_ is completely equal, Kulaots-Ehlvest, Tallinn 2000}) 12. Bd3 b6 (
12... O-O $6 13. O-O-O c5 14. g4 $1 $16 {is the main fear of Black,
Malisauskas-Oll, Vilnius zt 1993.}) (12... Nd5 13. g3 c5 14. c4 Nf6 15. O-O-O
Bd7 16. Bc3 cxd4 17. Nxd4 O-O-O $14 {Tolnai-M.Schwarz, Budapest 1994}) 13. c4 (
13. Ne5 Bb7 (13... c5 14. Bb5+ Ke7 (14... Bd7 15. Nxd7 $14) 15. c3 Bb7 16. O-O
{- Kamsky-Anand, Dos Hermanas 1996 CBM 53}) 14. f4 O-O-O (14... c5 15. dxc5
Qxc5 16. O-O-O O-O {The opposite castled kings give White extra opportunities
for an ->.} 17. Kb1 Rfd8 18. Rhe1 Qd5 (18... Rac8 19. g4 {Here we see the
drawback of the weakening move h6.} Bxe5 20. fxe5 Ne4 (20... Nd5 21. g5 hxg5
22. Bxg5 Qb4 23. Bd2 Qh4 24. Rg1 $40 {Malisauskas-Olsen, Yerevan olm 1996}) 21.
Bc1 Qb4 22. Ka1 Nc5 23. c3 Qa5 24. Bc2 Rxd1 25. Rxd1 Ba6 26. Qd2 $16 {
Tiviakov-Adams, Wijk 1996}) 19. g4 Qg2 {1/2-1/2 Perdomo-Kutirov, Yerevan olm
1996}) 15. O-O-O Kb8 (15... c5 16. dxc5 Bxc5 17. Ba6 {White has to exchange
the strong B on the long /^.} Rd5 18. Bxb7+ Qxb7 19. Be3 Bxe3+ 20. Qxe3 Rhd8
$11 {Leko-Bacrot, Yerevan olm 1996}) (15... Kb8 16. Rhf1 c5 17. dxc5 Bxc5 18.
Kb1 Nd5 19. Be4 Rhe8 20. Rfe1 Bd6 21. Bf3 Rc8 22. Rc1 Red8 23. c4 Nf6 24. Bc3
$14 {and after Black's uncertain play White has produced an ideal setup for
his pieces similarly to the 4...Bf5 line, Ginsburg-Klimm, Berliner Sommer 1994.
}) 16. Kb1 Rhe8 17. Rhf1 c5 18. dxc5 Bxc5 19. g4 Nd5 20. Bb5 Rg8 21. Bc1 Bd6
$13 {Rowson-Arkell, Edinburgh Challenge m 1996}) (13. O-O-O Bb7 14. Kb1 (14.
Rhe1 O-O (14... O-O-O) 15. Ne5 c5 16. dxc5 bxc5 17. f4 Nd5 18. c4 (18. g4 $5)
18... Nb4 19. Bb1 Rad8 20. g3 {This plan is too positional instead of
attacking on the >>.} Rfe8 21. Bc3 Nc6 22. Qc2 f5 23. Qe2 Nd4 24. Qf2 Qb6 25.
Re3 a5 $13 {Ehlvest-Abdulla, Dhaka 2001}) 14... O-O-O 15. c4 (15. Ba6 Rd7 16.
Bxb7+ Qxb7 17. Ne5 Bxe5 18. dxe5 {This exchange was clearly favourable for
White.} Ng8 19. c4 Ne7 20. Be3 Rhd8 $14 {Thorsteinsson-Kamsky, Reykjavik 1990})
15... c5 16. Bc3 Rhe8 17. Rhe1 Qc6 18. Qc2 cxd4 19. Bxd4 Qc7 20. Bxf6 gxf6 21.
Be4 {This P structure looks bad for Black, but this is not that seroius.} Bb4
22. Rf1 f5 23. Bxb7+ Kxb7 24. a3 Bc5 25. Qc3 Rxd1+ 26. Rxd1 Rd8 27. Rd2 Be7 $11
{Bologan-Adianto, Beijing 2000}) 13... Bb7 14. Bc3 {is a rather flexible setup
waiting for Black's castles.} c5 (14... O-O-O {is too early and White can
castle to the other flank.} 15. b4 Rhe8 16. O-O Ng4 17. Ne5 Nxe5 18. dxe5 Be7
19. a4 $40 {Tiviakov-Dahl, Gausdal 1992}) 15. d5 O-O-O 16. dxe6 Rhe8 17. Bf5 (
17. O-O-O Bf4+ $36 {Nevostrujev-Galkin, St Petersburg op 1994}) 17... Kb8 18.
Ne5 fxe6 19. Bg6 Rf8 20. f4 $14 {S.Polgar-Morovic Fernandez, North Bay op 1996}
) (10... Nf6 11. Bd3 b6 12. Bd2 Bb7 13. O-O-O Qc7 {- 10...Qc7}) 11. Bd2 {
/\ 0-0-0, but the whole plan is slowish.} e5 $5 {Black immediately begins the
fight for the [+].} 12. dxe5 (12. O-O-O exd4 13. Nxd4 Nf6 14. Bf3 Re8 $11)
12... Nxe5 13. O-O-O Nxf3 (13... Bg4 14. h3 Bxf3 15. Bxf3 Qc7 16. Bc3 Nxf3 17.
Qxf3 Be5 {looks as a dead draw.} 18. Bxe5 Qxe5 $11 {Vyskocil-Meduna, Pribram
2002}) 14. Qxf3 (14. Bxf3 {Ftacnik} Be6 15. a3 Re8 16. Be3 Qe7 $15) 14... Qh4 {
Now it is Black who wants to infuse some life to the drawish position.} (14...
Be6 $11) 15. h3 (15. g3 Qh3 $11) (15. Bxc6 {Ftacnik} bxc6 16. Qxc6 Bf5 17. Qxd6
Rac8 (17... Qa4 $6 18. Qc5 $1 Bg6 19. Ba5 Rac8 20. Bc7 Qxa2 $15) 18. Bc3 Qa4
19. Qd2 Rcd8 20. Qe2 Qxa2 $19) 15... Be6 16. Kb1 {'?!' Ftacnik. Ftacnik: 'In a
symetrical position without knights the long castling seems disadvanturous for
white. Bologan can try to grab initiative with the help of his bishops.'} (16.
g3 $142 Qd8 $11 (16... Qe7 {Ftacnik} 17. Rhe1 $11)) 16... f5 $1 {with
energetic measures White grabs the |^.} 17. Bd3 (17. Qd3 {Ftacnik} Rad8 18. Bf3
Qxf2 $17) 17... Bd5 18. Qe2 Rae8 19. Qf1 Bc5 (19... b5 $1 {Ftacnik} 20. Rg1 Be5
$15) 20. f3 (20. g3 {Ftacnik} Qa4 (20... Qh5 21. Bc4 Qf3 22. Bf4 Rd8 $15) 21.
b3 Qd4 22. Rh2 a5 $15) 20... b5 $15 {and the black pieces are very active.
Ftacnik: 'Black is already visibly dominating over the board with active
pieces, Naiditsch is being saved only by the absence of clear weaknesses.'} 21.
Re1 Rd8 {Black wants to avoid the unnecessary simplifications, he has
attacking plans on the <<.} 22. Bc3 a5 23. Be5 Bd6 {exchanging White's best
piece.} 24. Qg1 Qa4 25. b3 Qb4 26. Bxd6 (26. Qd4 Qxd4 27. Bxd4 c5 $15) 26...
Qxd6 27. Qd4 a4 $17 {'!' Ftacnik. Black comes first, there is no sign of
White's -> on the >>.} 28. Qb2 Rde8 29. Rd1 {'?!' Ftacnik. The situation has
been changed, now White avoids the exchange of the rooks. Ftacnik: 'Giving up
the e file will have dire consequences, black can improve his position without
any risk.'} (29. Rxe8 {Ftacnik} Rxe8 30. Bxf5 Re2 $15) 29... axb3 30. axb3 (30.
cxb3 Ra8) 30... Qb4 31. Rhg1 Rf7 (31... f4 $1 $17 {looked crisper.}) 32. f4 $2
{White throws away the P unnecessary.} (32. g4 Bxf3 33. Rdf1 Be4 34. gxf5 Bxd3
35. cxd3 Re3 $17) 32... Qxf4 $19 {Now Black is a healthy P up.} 33. g4 Be4 34.
Rde1 Rd8 35. Rgf1 Qg3 36. Rg1 Qxh3 37. Bxe4 fxe4 38. Qe5 Qf3 39. g5 hxg5 40.
Qe6 Qf6 41. Rxe4 Ra8 42. Re5 Qxe6 43. Rxe6 Rf6 44. Re5 Rg6 (44... Kf7 45. Rexg5
g6 $19) 45. Rexg5 Rxg5 46. Rxg5 Rf8 {Ftacnik: 'The rook endgame is very
unpleasant for white, since his king cannot get under the black passed g pawn.
'} 47. Kb2 Kh7 48. Rh5+ Kg6 49. Rh3 Rf5 50. Kc3 c5 51. Kd3 Re5 52. c4 b4 53.
Rh1 Kf6 54. Rf1+ Ke6 55. Rg1 g5 56. Rf1 Rf5 57. Rh1 Ke5 58. Re1+ Kf6 59. Rh1
Re5 60. Rf1+ Kg6 61. Rg1 Kh5 62. Rh1+ Kg4 63. Rh8 Kf4 0-1

[Event "Rubinstein Memorial 35th"]
[Site "Polanica Zdroj"]
[Date "1998.08.25"]
[Round "8"]
[White "Rublevsky, Sergei"]
[Black "Karpov, Anatoly"]
[Result "1-0"]
[WhiteElo "2685"]
[BlackElo "2725"]
[Annotator "Lukacs,P"]
[PlyCount "137"]
[EventDate "1998.08.17"]
[EventType "tourn"]
[EventRounds "11"]
[EventCountry "POL"]
[EventCategory "17"]
[SourceTitle "CBM 067"]
[Source "ChessBase"]
[SourceDate "1998.11.30"]
[SourceVersion "2"]
[SourceVersionDate "1998.11.01"]
[SourceQuality "1"]

1. e4 {Ftacnik} c6 2. d4 d5 3. Nd2 dxe4 4. Nxe4 Nd7 5. Bc4 Ngf6 6. Ng5 e6 7.
Qe2 Nb6 8. Bd3 h6 9. N5f3 c5 10. Be3 Nbd5 11. Ne5 a6 12. Ngf3 Qc7 13. O-O {
White is not afraid of losing the ^^, he wants to finish development as soon
as possible and attack from the [+].} (13. c3 Bd6 14. O-O {Rublevsky-Lastin,
Rus-ch Elista 1993 CBM 59}) 13... cxd4 (13... Bd6 14. c3 b5 {This allows the
weakening move} (14... O-O 15. Bd2 b6 16. Rac1 {preparing for cxd4 with an
isolated P, but a strong N on e5.} Bb7 17. Rfe1 b5 18. c4 {White wants to blow
up the structure in order to activate his pieces to the maximum.} bxc4 19. Rxc4
Qe7 20. Rec1 Rfc8 21. dxc5 Rxc5 22. Rxc5 Bxc5 23. a3 Bd6 24. Nc6 Bxc6 25. Rxc6
a5 26. g3 Bc7 27. Ne5 $16 {with ^^, \<< P majority and active position,
Rublevsky-Gulko, Polanicza Zdroj 1996.}) (14... b6 15. Rad1 {preparing the
retreat for the B.} O-O 16. Bc1 Bb7 17. Rfe1 Rfd8 18. Bb1 {The ^^ can also be
very agressive from the first rank!} b5 19. a3 Rac8 20. h3 Ba8 21. Nh4 cxd4 22.
cxd4 $14 {with good attacking chances on the >>.}) 15. a4 $1 c4 16. Bc2 {
Now there is no more pressure on d4. The d5 square is in Black's hand, but the
N on e5 will help to create an -> on the >>.} Bb7 17. Bd2 O-O 18. Nh4 Ne7 19.
f4 Rae8 $14 {Wedberg-Enqvist, Stockholm 1995}) 14. Bxd4 Bc5 $6 {[#]} (14... Nf4
$142 {was better to eliminate the dangerous B just now.} 15. Qd2 Nxd3 16. Qxd3
Bc5 $13 (16... Be7 $6 {allows to attack the weaknesses on the \<<.} 17. Nc4 $1
Bc5 (17... O-O $2 18. Nb6 Rb8 19. Be5 $18) 18. Be5 Qc6 19. Nd6+ Ke7 (19... Bxd6
20. Bxd6 $16) 20. Nd4 Qd5 21. Nxc8+ Raxc8 22. Nf5+ $1 exf5 (22... Kf8 23. Qxd5)
23. Bxf6+ Kd6 24. Rad1 $16)) 15. Bb5+ $1 {Karpov in his good old days would
never miss a move like that! '!?' Ftacnik. Ftacnik: 'A nasty surprise for
black, he is virtually forced to give up hope for natural castling.'} Kf8 {
Black has to give up the possibility of castles.} (15... axb5 $2 16. Qxb5+ Nd7
(16... Bd7 17. Qxc5 Qxc5 18. Bxc5 Rc8 19. Ba3 Rxc2 20. Rac1 Re2 21. Rfd1 $16)
17. Nxd7 Bxd4 (17... Bxd7 {Ftacnik} 18. Qxc5 Qxc5 19. Bxc5 Rc8 20. Bd4 (20. Ba3
Rxc2 21. Rac1 Rxc1 22. Rxc1 f6 $11) 20... Rxc2 21. Bxg7 Rh7 (21... Rg8 22. Bxh6
Rxb2 23. Rfb1 Rxb1+ 24. Rxb1 Bc6 25. Rb3 $16) 22. Bd4 Nf4 23. Kh1 Bc6 24. Rac1
Re2 25. Rfd1 $16) 18. Nb6+ Bd7 19. Nxa8 Bxb5 20. Nxc7+ Nxc7 21. Nxd4 Bxf1 22.
Kxf1 $18 {with a winning _|_.}) 16. Bxc5+ Qxc5 17. Bc4 g6 {/\ Kg7} (17... b5
18. Bxd5 Nxd5 19. Rad1 Kg8 20. Rfe1 $16 Bb7 $2 21. Nxf7 $1 Nf4 22. Qe5 $18) 18.
Bxd5 Nxd5 19. c4 Nf6 20. a3 ({Or} 20. Rfd1 Kg7 21. a3 $16) 20... Bd7 21. Rfd1
Be8 {Black wants to keep the B.} (21... Bc6 22. Nxc6 Qxc6 23. Ne5 $16) 22. b4
Qe7 23. Qb2 $1 $16 {Ftacnik: 'Rublevsky has much more than usual in similar
positions. The Ne5 is dominating, black still struggles to safeguard his king
and the Rh8 is far away from the battleground.'} Kg8 24. Rd4 Kh7 25. Rad1 Rf8
26. R1d3 Rc8 27. h3 Rc7 28. Qd2 {After tripling on the d <-> White's pieces
has reached their maximum of strength.} Kg7 29. Rd8 Ng8 (29... Bc6 $6 30. Rxf8
Qxf8 31. Rd8 Qe7 32. Nxc6 Rxc6 33. Ne5 Rc7 34. Qd4 $18) 30. R3d6 Ba4 31. Rxf8
Qxf8 32. Qd4 Kh7 33. Rd8 Qe7 34. c5 {Ftacnik: 'Slowly but steadily white is
winning ground for converting his huge advantage into a whole point.'} (34. Ng4
$6 Rd7 $1) 34... Be8 35. Qd6 Ba4 $2 {This loses outright.} (35... Nf6 36. Nd2
$1 $18 (36. Nd4 Nd5 37. Qxe7 Rxe7 38. Ra8 {/\ c6 +/-}) (36. Nd2 {Ftacnik} Nd5 (
36... Bc6 37. Nxf7 Qxf7 38. Rf8 Qg7 39. Rxf6 Rd7 40. Qxe6 Re7 41. Qd6 Rd7 42.
Qf4 $18) 37. Ne4 Kg7 38. Qxe7 Rxe7 39. Nd6 Ba4 40. Rb8 f6 41. Nec4 Bc6 42. Na5
$18)) 36. Rf8 $1 $18 {'!' Ftacnik.} f6 37. Rf7+ Qxf7 38. Nxf7 Rxf7 39. Qxe6 {
'+-' Ftacnik. Ftacnik: 'The material relations in the endgame are very
unfavourable for Karpov and even heroic defense can not prevent the worst.'}
Rd7 40. Kh2 h5 41. Qe3 Ne7 42. Nd2 Nf5 43. Qc3 Bc6 44. Nc4 Kg7 45. Na5 Bb5 46.
Qa1 Ba4 47. Nc4 Rd8 48. Qe1 Rd7 49. Qe6 Bc6 50. Na5 Re7 51. Qc8 Re8 52. Qc7+
Re7 53. Qb8 Rd7 54. Qc8 Ne7 55. Qb8 Kf7 56. a4 h4 57. Nxc6 Nxc6 58. Qh8 Ke7 59.
Qg8 {'?!' Ftacnik.} g5 60. b5 axb5 61. axb5 Nd8 62. Qh7+ Nf7 63. f4 Rd4 64.
fxg5 fxg5 65. Qg6 Rd7 66. Qb6 Ke8 67. c6 bxc6 68. bxc6 Rd8 69. c7 1-0